Football clubs - UK - Statistics

General Stats
  • This quiz has been taken 159 times
  • The average score is 14 of 19
Answer Stats
Picture Answer % Correct
Arsenal
99%
Chelsea
99%
Manchester united
95%
Tottenham hotspur
94%
Celtic
85%
Everton
82%
Brighton
79%
Crystal palace
79%
Brentford
73%
Southampton
71%
Watford
71%
Rangers
69%
Sheffield United
69%
Ipswich town
63%
Cardiff city
61%
Charlton atletic
56%
Oxford united
49%
AFC Wimbledon
42%
Port Vale
33%
No matching quizzes found
Score Distribution
Percent of People with Each Score
Percentile by Number Answered
Your Score History
You have not taken this quiz